[Event "Titled Tuesday 2020.04.21"]
[Site "Chess.com INT"]
[Date "2020.04.21"]
[Round "8"]
[White "Manukyan, Sargis V"]
[Black "Golubka, Petro"]
[Result "1/2-1/2"]
[WhiteElo "2253"]
[BlackElo "2495"]
[WhiteFideId "-1"]
[BlackFideId "-1"]
[PlyCount "141"]
[GameId "1515683129782272"]
[EventDate "2020.04.21"]
[EventType "swiss (blitz)"]
[EventRounds "10"]
[EventCountry "NET"]
[SourceTitle "EXT 2021"]
[Source "ChessBase"]
[SourceDate "2020.10.23"]
[SourceVersion "1"]
[SourceVersionDate "2020.10.23"]
[SourceQuality "1"]

1. d4 Nf6 2. c4 g6 3. Nc3 d5 4. cxd5 Nxd5 5. e4 Nxc3 6. bxc3 Bg7 7. Nf3 c5 8. Be3 O-O 9. Qd2 Qa5 10. Rc1 Rd8 11. d5 e6 12. Bg5 f6 13. Be3 exd5 14. exd5 Nd7 15. c4 Qxd2+ 16. Bxd2 a6 17. Bd3 b5 18. O-O Bb7 19. cxb5 axb5 20. Bxb5 Rxa2 21. Bc6 Bc8 22. Be3 f5 23. Bxc5 Nxc5 24. Rxc5 Ba6 25. Re1 Bf8 26. Rcc1 Bd3 27. Ra1 Rxa1 28. Rxa1 Be4 29. Ng5 Bg7 30. Rd1 Be5 31. Nxe4 fxe4 32. Re1 Rb8 33. g3 Rb4 34. Kg2 Kg7 35. f4 Bd6 36. Re2 Kf6 37. Kh3 h5 38. Bd7 Rd4 39. Be6 g5 40. fxg5+ Kxg5 41. Bg8 Be5 42. Bh7 Rxd5 43. Bxe4 Rc5 44. Rf2 Bd4 45. Rd2 Be3 46. Rd3 Bc1 47. Rd8 Be3 48. Rg8+ Kf6 49. Bf3 Rg5 50. Rh8 Kg7 51. Rxh5 Rxh5+ 52. Bxh5 Kh6 53. Bf3 Bd2 54. Kg4 Bc3 55. Bc6 Be5 56. Kf5 Bd6 57. Be8 Bc7 58. Bb5 Bb8 59. Be2 Bc7 60. Kg4 Bd6 61. h4 Bc7 62. Kh3 Bxg3 63. Kxg3 Kg7 64. Kg4 Kh8 65. Kh5 Kg7 66. Kg5 Kh8 67. h5 Kg7 68. h6+ Kh8 69. Bd3 Kg8 70. h7+ Kh8 71. Kh6 1/2-1/2

[Event "Titled Tuesday 2020.04.21"]
[Site "Chess.com INT"]
[Date "2020.04.21"]
[Round "9"]
[White "Golubka, Petro"]
[Black "Khlichkova, Tatiana"]
[Result "1-0"]
[WhiteElo "2495"]
[BlackElo "2270"]
[WhiteFideId "-1"]
[BlackFideId "-1"]
[PlyCount "109"]
[GameId "1515683130146816"]
[EventDate "2020.04.21"]
[EventType "swiss (blitz)"]
[EventRounds "10"]
[EventCountry "NET"]
[SourceTitle "EXT 2021"]
[Source "ChessBase"]
[SourceDate "2020.10.23"]
[SourceVersion "1"]
[SourceVersionDate "2020.10.23"]
[SourceQuality "1"]

1. e4 e6 2. e5 d5 3. exd6 Bxd6 4. d4 Nf6 5. Nc3 a6 6. Nf3 c5 7. dxc5 Bxc5 8. Qxd8+ Kxd8 9. Bg5 Ke7 10. Ne4 Bb6 11. Ne5 Nc6 12. Nxc6+ bxc6 13. Bd3 h6 14. Bf4 Nxe4 15. Bxe4 Bb7 16. O-O-O Rad8 17. f3 f6 18. Bd2 a5 19. a4 Kf7 20. b3 f5 21. Bd3 Rd7 22. g4 g6 23. Rhe1 h5 24. gxf5 gxf5 25. Bc4 Re8 26. Bc3 Rxd1+ 27. Rxd1 Rd8 28. Re1 Bc8 29. Re5 Bd4 30. Bxd4 Rxd4 31. Rxf5+ Kg6 32. Rxa5 Rh4 33. Ra8 Bd7 34. Rd8 Rxh2 35. Rxd7 Rf2 36. Bxe6 Rxf3 37. Rc7 h4 38. Rxc6 Kg5 39. Bd5 Rf2 40. a5 Rf5 41. Rd6 h3 42. a6 Rf1+ 43. Kd2 Ra1 44. Bb7 h2 45. b4 h1=Q 46. Bxh1 Rxh1 47. b5 Ra1 48. c4 Kf5 49. Rd5+ Ke6 50. Kc3 Ke7 51. Kb4 Ke6 52. Kc5 Ke7 53. Kb6 Ke6 54. a7 Ra3 55. Kb7 1-0

[Event "Titled Tuesday 2020.03.03 Late"]
[Site "Chess.com INT"]
[Date "2020.03.03"]
[Round "1"]
[White "Golubka, Petro"]
[Black "Alice, Mateus Felizardo Vi"]
[Result "1-0"]
[WhiteElo "2495"]
[BlackElo "2124"]
[WhiteFideId "-1"]
[BlackFideId "-1"]
[PlyCount "61"]
[GameId "1515682783571968"]
[EventDate "2020.03.03"]
[EventType "swiss (blitz)"]
[EventRounds "10"]
[EventCountry "NET"]
[SourceTitle "EXT 2021"]
[Source "ChessBase"]
[SourceDate "2020.10.23"]
[SourceVersion "1"]
[SourceVersionDate "2020.10.23"]
[SourceQuality "1"]

1. a3 Nf6 2. c4 e6 3. Nc3 d5 4. e3 Be7 5. Nf3 O-O 6. d4 Nbd7 7. b3 b6 8. Bb2 Bb7 9. Bd3 c5 10. O-O Rc8 11. Rc1 dxc4 12. bxc4 cxd4 13. exd4 Ba6 14. Qe2 Re8 15. Rfd1 Qc7 16. Ne4 Nxe4 17. Qxe4 Nf8 18. h4 Bb7 19. Qg4 Bxf3 20. Qxf3 Bxh4 21. d5 e5 22. c5 bxc5 23. d6 Qd8 24. d7 Nxd7 25. Bf5 Rc7 26. Qh3 Bg5 27. Qxh7+ Kf8 28. Rc2 Bf6 29. Rcd2 Ke7 30. Qh3 Qb8 31. Rxd7+ 1-0

[Event "Titled Tuesday 2020.03.03 Late"]
[Site "Chess.com INT"]
[Date "2020.03.03"]
[Round "2"]
[White "Golubka, Petro"]
[Black "Kukhmazov, Arsen"]
[Result "0-1"]
[WhiteElo "2495"]
[BlackElo "2384"]
[WhiteFideId "-1"]
[BlackFideId "-1"]
[PlyCount "92"]
[GameId "1515682784616448"]
[EventDate "2020.03.03"]
[EventType "swiss (blitz)"]
[EventRounds "10"]
[EventCountry "NET"]
[SourceTitle "EXT 2021"]
[Source "ChessBase"]
[SourceDate "2020.10.23"]
[SourceVersion "1"]
[SourceVersionDate "2020.10.23"]
[SourceQuality "1"]

1. a3 d5 2. d4 Nf6 3. Nc3 Bf5 4. Bg5 Nbd7 5. e3 c6 6. Nf3 h6 7. Bh4 e6 8. Bd3 Bxd3 9. cxd3 Be7 10. O-O O-O 11. Re1 b5 12. Rc1 a5 13. Ne2 Rc8 14. Qd2 a4 15. Rc2 Qb6 16. Rec1 c5 17. dxc5 Rxc5 18. Ned4 Rfc8 19. Rxc5 Rxc5 20. Rxc5 Bxc5 21. h3 Ne8 22. Bg3 f6 23. Nc2 Kf7 24. Qc3 Be7 25. e4 dxe4 26. dxe4 Qc5 27. Nfd4 e5 28. Qxc5 Nxc5 29. Nxb5 Nxe4 30. Kf1 Bc5 31. Ke2 Ke6 32. Bh4 Kd5 33. f3 Kc4 34. fxe4 Kxb5 35. Kd3 Nc7 36. Be1 Ne6 37. Bd2 Bd4 38. Nxd4+ Nxd4 39. Bc3 Ne6 40. Bb4 Nf4+ 41. Ke3 Nxg2+ 42. Kf3 Nf4 43. h4 h5 44. Bf8 Ne6 45. Be7 Kc4 46. Ke3 Kb3 0-1

[Event "Titled Tuesday 2020.03.03 Late"]
[Site "Chess.com INT"]
[Date "2020.03.03"]
[Round "4"]
[White "Golubka, Petro"]
[Black "Pourramezanali, Amirreza"]
[Result "0-1"]
[WhiteElo "2495"]
[BlackElo "2504"]
[WhiteFideId "-1"]
[BlackFideId "-1"]
[PlyCount "58"]
[GameId "1515682785918976"]
[EventDate "2020.03.03"]
[EventType "swiss (blitz)"]
[EventRounds "10"]
[EventCountry "NET"]
[SourceTitle "EXT 2021"]
[Source "ChessBase"]
[SourceDate "2020.10.23"]
[SourceVersion "1"]
[SourceVersionDate "2020.10.23"]
[SourceQuality "1"]

1. e4 e6 2. d4 d5 3. Nc3 Bb4 4. e5 c5 5. a3 Bxc3+ 6. bxc3 Qa5 7. Bd2 Qa4 8. dxc5 Nd7 9. Nf3 Nxc5 10. Be3 b6 11. Qb1 Ba6 12. Bxa6 Qxa6 13. Qb4 Rc8 14. Qg4 Kf8 15. Ng5 Nh6 16. Qf4 Kg8 17. a4 Nf5 18. g4 h6 19. gxf5 hxg5 20. Qxg5 Ne4 21. Qg4 exf5 22. Qxf5 Nxc3 23. Qd3 Qc4 24. a5 d4 25. Bxd4 Qd5 26. Rg1 Rxh2 27. axb6 axb6 28. Qg3 Qe4+ 29. Kf1 Qe2# 0-1

[Event "Titled Tuesday 2020.03.03 Late"]
[Site "Chess.com INT"]
[Date "2020.03.03"]
[Round "5"]
[White "Burdalev, Kirill"]
[Black "Golubka, Petro"]
[Result "1-0"]
[WhiteElo "2394"]
[BlackElo "2495"]
[WhiteFideId "-1"]
[BlackFideId "-1"]
[PlyCount "147"]
[GameId "1515682786975744"]
[EventDate "2020.03.03"]
[EventType "swiss (blitz)"]
[EventRounds "10"]
[EventCountry "NET"]
[SourceTitle "EXT 2021"]
[Source "ChessBase"]
[SourceDate "2020.10.23"]
[SourceVersion "1"]
[SourceVersionDate "2020.10.23"]
[SourceQuality "1"]

1. d4 Nf6 2. c4 e6 3. g3 c5 4. d5 exd5 5. cxd5 d6 6. Nc3 g6 7. Nf3 Bg7 8. Bg2 O-O 9. O-O Re8 10. Bf4 a6 11. a4 Ne4 12. Nxe4 Rxe4 13. Nd2 Rb4 14. b3 Rxf4 15. gxf4 Bxa1 16. Qxa1 Nd7 17. e4 Qh4 18. Nc4 Qxf4 19. Qc1 g5 20. Qxf4 gxf4 21. Nxd6 Ne5 22. f3 b6 23. Nc4 Nxc4 24. bxc4 Bd7 25. Rb1 Rb8 26. a5 b5 27. Bf1 b4 28. Bd3 f6 29. Bc2 Kf7 30. Kf2 Rg8 31. Rg1 Rb8 32. Bb3 Bh3 33. Ke2 Re8 34. Kd3 Rd8 35. Kd2 Bd7 36. Bc2 Rg8 37. Rxg8 Kxg8 38. Ke2 Kg7 39. Kf2 Kh6 40. Bb3 Kg5 41. Kg2 Kh4 42. Bc2 h6 43. Bb3 Kg5 44. Bc2 Be8 45. Bb3 Kg6 46. Bc2 Kg7 47. Bb3 Bd7 48. Kf2 Kf7 49. Kg2 Ke7 50. Kf2 Kd6 51. Ke2 Ke5 52. Kd3 f5 53. exf5 Bxf5+ 54. Kd2 Bh3 55. Ba4 Bf1 56. Bb3 Kd4 57. Ke1 Bh3 58. Kd2 Bg2 59. Ke2 Kc3 60. d6 Bh3 61. Ba4 Kxc4 62. d7 Bxd7 63. Bxd7 b3 64. Kd2 Kb4 65. Bc8 Kxa5 66. Kc3 Ka4 67. Bxa6 Ka3 68. Bd3 Ka2 69. Kc4 b2 70. Kxc5 b1=Q 71. Bxb1+ Kxb1 72. Kd4 Kc2 73. Ke4 Kc3 74. Kxf4 1-0

[Event "Titled Tuesday 2020.03.03 Late"]
[Site "Chess.com INT"]
[Date "2020.03.03"]
[Round "7"]
[White "Janaszak, Dawid"]
[Black "Golubka, Petro"]
[Result "0-1"]
[WhiteElo "2356"]
[BlackElo "2495"]
[WhiteFideId "-1"]
[BlackFideId "-1"]
[PlyCount "74"]
[GameId "1515682787938304"]
[EventDate "2020.03.03"]
[EventType "swiss (blitz)"]
[EventRounds "10"]
[EventCountry "NET"]
[SourceTitle "EXT 2021"]
[Source "ChessBase"]
[SourceDate "2020.10.23"]
[SourceVersion "1"]
[SourceVersionDate "2020.10.23"]
[SourceQuality "1"]

1. e4 c5 2. Nf3 d6 3. Nc3 a6 4. d4 cxd4 5. Nxd4 e6 6. g3 Nf6 7. Bg2 Be7 8. O-O O-O 9. a4 Nc6 10. h3 Bd7 11. Nde2 Rb8 12. g4 b5 13. axb5 axb5 14. Ng3 b4 15. Nce2 d5 16. exd5 Nxd5 17. c4 bxc3 18. Nxc3 Ncb4 19. Nce4 Bb5 20. Re1 Rc8 21. Nc3 Nxc3 22. bxc3 Nd3 23. Re4 Rxc3 24. Be3 Qc8 25. Nf5 exf5 26. Rxe7 Bc6 27. Bd4 Bxg2 28. Bxc3 Qxc3 29. Re3 Be4 30. gxf5 Bxf5 31. Ra2 g6 32. Rd2 Rd8 33. Qe2 Qd4 34. Kh2 Kg7 35. Kg1 h5 36. Rg3 h4 37. Rf3 Nf4 0-1

[Event "Titled Tuesday 2020.03.03 Late"]
[Site "Chess.com INT"]
[Date "2020.03.03"]
[Round "8"]
[White "Golubka, Petro"]
[Black "Pasti, Aron"]
[Result "1-0"]
[WhiteElo "2495"]
[BlackElo "2340"]
[WhiteFideId "-1"]
[BlackFideId "-1"]
[PlyCount "55"]
[GameId "1515682788392960"]
[EventDate "2020.03.03"]
[EventType "swiss (blitz)"]
[EventRounds "10"]
[EventCountry "NET"]
[SourceTitle "EXT 2021"]
[Source "ChessBase"]
[SourceDate "2020.10.23"]
[SourceVersion "1"]
[SourceVersionDate "2020.10.23"]
[SourceQuality "1"]

1. a3 d5 2. e3 h6 3. b4 g5 4. Bb2 Nf6 5. Bxf6 exf6 6. Nf3 Bg7 7. d4 c6 8. c4 Be6 9. cxd5 Bxd5 10. Nc3 Qd6 11. Nxd5 Qxd5 12. Qc2 Nd7 13. Bc4 Qd6 14. O-O O-O-O 15. Bxf7 Rhf8 16. Bg6 Nb6 17. Bf5+ Kb8 18. a4 Nd5 19. b5 Ne7 20. Rfb1 Qd5 21. Be4 Qd6 22. bxc6 b6 23. a5 f5 24. axb6 fxe4 25. c7+ Kb7 26. Qxe4+ Nd5 27. cxd8=Q Rxd8 28. bxa7+ 1-0

[Event "Titled Tuesday 2020.03.03 Late"]
[Site "Chess.com INT"]
[Date "2020.03.03"]
[Round "9"]
[White "Sidorika, Vladislav"]
[Black "Golubka, Petro"]
[Result "0-1"]
[WhiteElo "2355"]
[BlackElo "2495"]
[WhiteFideId "-1"]
[BlackFideId "-1"]
[PlyCount "168"]
[GameId "1515682789347328"]
[EventDate "2020.03.03"]
[EventType "swiss (blitz)"]
[EventRounds "10"]
[EventCountry "NET"]
[SourceTitle "EXT 2021"]
[Source "ChessBase"]
[SourceDate "2020.10.23"]
[SourceVersion "1"]
[SourceVersionDate "2020.10.23"]
[SourceQuality "1"]

1. c4 c6 2. g3 e5 3. Bg2 Nf6 4. Nf3 e4 5. Nd4 d5 6. d3 Bc5 7. Nb3 Bb4+ 8. Bd2 Bxd2+ 9. Qxd2 dxc4 10. dxc4 Qe7 11. Nc3 e3 12. fxe3 Ng4 13. e4 Ne5 14. c5 Na6 15. Qd4 f6 16. O-O Be6 17. Na4 Rd8 18. Qc3 O-O 19. Nd4 Nc7 20. b4 g6 21. Nb2 Bf7 22. Nd3 Rfe8 23. Rfd1 Ng4 24. Nf4 a5 25. bxa5 Na6 26. Nb3 Qe5 27. Qxe5 Nxe5 28. Nd3 Bc4 29. Nxe5 fxe5 30. Kf2 Kf7 31. Ke3 Ke7 32. Rab1 Bxb3 33. axb3 Nb4 34. Rxd8 Rxd8 35. Bh3 Nc2+ 36. Kf2 Rf8+ 37. Kg1 Nb4 38. Rd1 Rd8 39. Rc1 Ra8 40. Rc4 Na6 41. b4 Nc7 42. Rc3 Rd8 43. Rd3 Rxd3 44. exd3 Kd8 45. Bf1 Na6 46. d4 Nxb4 47. dxe5 Nc2 48. Bc4 Ne3 49. Bg8 h6 50. Kf2 Ng4+ 51. Ke2 Nxe5 52. h3 Nd7 53. Bf7 g5 54. Bc4 Nxc5 55. Kf3 Nd7 56. Be6 Ne5+ 57. Ke3 Kc7 58. Kd4 Kd6 59. Bc8 c5+ 60. Ke3 Kc6 61. Be6 Kb5 62. Bc8 Kxa5 63. Bxb7 Kb4 64. Bd5 c4 65. Kd2 c3+ 66. Kc2 Nf3 67. Be6 Nd4+ 68. Kd3 Nxe6 69. e5 Kb3 70. Ke4 c2 71. Kd5 Nd8 72. Kd6 c1=Q 73. Kd7 Qd1+ 74. Ke7 Kc4 75. Kf6 Kd5 76. e6 Nxe6 77. Kg6 Qg1 78. g4 Qh1 79. Kh5 Qxh3+ 80. Kg6 Qxg4 81. Kf6 Kd6 82. Kg6 Nf8+ 83. Kg7 Qd7+ 84. Kh8 Qh7# 0-1

[Event "Vaxjo Elite Hotels op"]
[Site "Vaxjo SWE"]
[Date "2020.02.07"]
[Round "2.5"]
[White "Hakansson, Stefan"]
[Black "Golubka, Petro"]
[Result "0-1"]
[WhiteElo "2027"]
[BlackElo "2501"]
[WhiteFideId "-1"]
[BlackFideId "-1"]
[PlyCount "54"]
[GameId "2130307598272563"]
[EventDate "2020.02.07"]
[EventType "swiss"]
[EventRounds "9"]
[EventCountry "SWE"]
[SourceTitle "10 Days #606"]
[Source "ChessMix"]
[SourceDate "2020.02.20"]
[SourceVersion "1"]
[SourceVersionDate "2020.02.20"]
[SourceQuality "1"]

1. d4 Nf6 2. Bg5 Ne4 3. Bf4 d6 4. f3 Nf6 5. e4 Nbd7 6. Bc4 e5 7. dxe5 dxe5 8. Be3 Bd6 9. Nc3 a6 10. a4 O-O 11. Nge2 Nb6 12. Bb3 Be6 13. Bxe6 fxe6 14. b3 Qe7 15. O-O Nbd7 16. Qe1 Nb8 17. Qf2 Ng4 18. fxg4 Rxf2 19. Rxf2 Bc5 20. Bxc5 Qxc5 21. Raf1 Nd7 22. Kh1 h6 23. h4 b5 24. g5 hxg5 25. hxg5 Rf8 26. Rxf8+ Nxf8 27. axb5 axb5 0-1

[Event "Vaxjo Elite Hotels op"]
[Site "Vaxjo SWE"]
[Date "2020.02.07"]
[Round "3.5"]
[White "Golubka, Petro"]
[Black "Mardell, Jonas"]
[Result "1-0"]
[WhiteElo "2501"]
[BlackElo "2103"]
[WhiteFideId "-1"]
[BlackFideId "-1"]
[PlyCount "87"]
[GameId "2130307598272578"]
[EventDate "2020.02.07"]
[EventType "swiss"]
[EventRounds "9"]
[EventCountry "SWE"]
[SourceTitle "10 Days #606"]
[Source "ChessMix"]
[SourceDate "2020.02.20"]
[SourceVersion "1"]
[SourceVersionDate "2020.02.20"]
[SourceQuality "1"]

1. e4 c5 2. a3 e6 3. b4 b6 4. bxc5 bxc5 5. Nc3 Nc6 6. Bb5 Bb7 7. Bxc6 Bxc6 8. Nf3 Nf6 9. d3 Be7 10. O-O O-O 11. Bf4 d5 12. Ne5 Rc8 13. Nxc6 Rxc6 14. Qf3 c4 15. Ne2 cxd3 16. cxd3 dxe4 17. dxe4 Qa5 18. Be3 Rfc8 19. h3 Rc4 20. Nd4 Rc3 21. a4 R3c4 22. Nb3 Qe5 23. Nd2 Rc2 24. Rfd1 a5 25. Bf4 Qc5 26. Nb3 Qb6 27. Nd4 R2c3 28. Qe2 Bc5 29. Rab1 Bb4 30. Be3 Qb7 31. Nb5 Rc2 32. Qd3 Qxe4 33. Qb3 h6 34. Bd4 Nd5 35. Qg3 Bf8 36. Nd6 Qe2 37. Nxc8 Rxc8 38. Qd3 Qh5 39. Re1 Bd6 40. Qd1 Qg6 41. Qf3 Nf4 42. Rbd1 Bb4 43. Qxf4 Bxe1 44. Rxe1 1-0

[Event "Vaxjo Elite Hotels op"]
[Site "Vaxjo SWE"]
[Date "2020.02.07"]
[Round "4.5"]
[White "Ziegler, Ari"]
[Black "Golubka, Petro"]
[Result "0-1"]
[WhiteElo "2305"]
[BlackElo "2501"]
[WhiteFideId "-1"]
[BlackFideId "-1"]
[PlyCount "40"]
[GameId "2130307598272592"]
[EventDate "2020.02.07"]
[EventType "swiss"]
[EventRounds "9"]
[EventCountry "SWE"]
[SourceTitle "10 Days #606"]
[Source "ChessMix"]
[SourceDate "2020.02.20"]
[SourceVersion "1"]
[SourceVersionDate "2020.02.20"]
[SourceQuality "1"]

1. e4 c5 2. Nf3 d6 3. d4 cxd4 4. Nxd4 Nf6 5. Nc3 a6 6. Bg5 e6 7. Qd3 h6 8. Qh3 Be7 9. O-O-O Qc7 10. Be2 Nbd7 11. f4 b5 12. Nxe6 fxe6 13. Bh5+ Kd8 14. Bf3 b4 15. Ne2 e5 16. Ng3 Nc5 17. Nf5 Bxf5 18. Qxf5 Rc8 19. Kb1 Na4 20. fxe5 Qxc2+ 0-1

[Event "Vaxjo Elite Hotels op"]
[Site "Vaxjo SWE"]
[Date "2020.02.08"]
[Round "5.3"]
[White "Golubka, Petro"]
[Black "Kucuksari, Kaan"]
[Result "1/2-1/2"]
[WhiteElo "2501"]
[BlackElo "2337"]
[WhiteFideId "-1"]
[BlackFideId "-1"]
[PlyCount "124"]
[GameId "2130307598272604"]
[EventDate "2020.02.07"]
[EventType "swiss"]
[EventRounds "9"]
[EventCountry "SWE"]
[SourceTitle "10 Days #606"]
[Source "ChessMix"]
[SourceDate "2020.02.20"]
[SourceVersion "1"]
[SourceVersionDate "2020.02.20"]
[SourceQuality "1"]

1. c4 c6 2. Nf3 d5 3. b3 Nf6 4. Bb2 Nbd7 5. g3 e6 6. Bg2 Bd6 7. d4 O-O 8. O-O Re8 9. Nc3 b6 10. Nd2 Bb7 11. e4 dxe4 12. Ndxe4 Nxe4 13. Nxe4 Be7 14. Rc1 Nf6 15. c5 Nd5 16. a3 a5 17. Qc2 Ba6 18. Rfe1 Rb8 19. Rcd1 Qc7 20. Nd2 Red8 21. Bf3 Qa7 22. Rc1 Bg5 23. Red1 bxc5 24. Qxc5 Qxc5 25. Rxc5 Bxd2 26. Rxd2 Rxb3 27. Rxa5 Rxf3 28. Rxa6 Ne7 29. Rb6 Rf5 30. Rb7 Re8 31. Rc2 Rb5 32. Ra7 Rbb8 33. Bc3 Ra8 34. Rxa8 Rxa8 35. Bb4 Nf5 36. Rxc6 Nxd4 37. Rc4 Nf3+ 38. Kg2 Ne5 39. Rc3 Nd7 40. a4 Nb6 41. a5 Nd5 42. Rc4 Nxb4 43. Rxb4 Kf8 44. Ra4 Ke7 45. Kf3 Kd6 46. Ke4 Kc5 47. a6 Kb5 48. Rd4 Ra7 49. Rd6 Kc5 50. Ke5 Re7 51. Rd8 f6+ 52. Ke4 Ra7 53. h4 Kc6 54. Rg8 h5 55. f3 Kd6 56. g4 hxg4 57. fxg4 Rxa6 58. Rxg7 f5+ 59. gxf5 Ra4+ 60. Kf3 Rxh4 61. Rg6 Ke5 62. fxe6 Rh7 1/2-1/2

[Event "Vaxjo Elite Hotels op"]
[Site "Vaxjo SWE"]
[Date "2020.02.08"]
[Round "6.3"]
[White "Westerberg, Jonathan"]
[Black "Golubka, Petro"]
[Result "1/2-1/2"]
[WhiteElo "2537"]
[BlackElo "2501"]
[WhiteFideId "-1"]
[BlackFideId "-1"]
[PlyCount "166"]
[GameId "2130307598276718"]
[EventDate "2020.02.07"]
[EventType "swiss"]
[EventRounds "9"]
[EventCountry "SWE"]
[SourceTitle "10 Days #606"]
[Source "ChessMix"]
[SourceDate "2020.02.20"]
[SourceVersion "1"]
[SourceVersionDate "2020.02.20"]
[SourceQuality "1"]

1. c4 Nf6 2. Nf3 g6 3. g3 Bg7 4. Bg2 O-O 5. O-O Nc6 6. Nc3 d5 7. cxd5 Nxd5 8. Qb3 Nb6 9. d3 a5 10. Be3 Be6 11. Qc2 Nd5 12. Bd2 Bg4 13. Nxd5 Qxd5 14. h3 Bd7 15. Bc3 Qd6 16. Bxg7 Kxg7 17. Qc3+ f6 18. Rfe1 Qb4 19. Rac1 Rfc8 20. Nd2 Nd8 21. Nb3 Qxc3 22. Rxc3 Ra7 23. Nc5 Be8 24. d4 b6 25. Nd3 Bf7 26. a3 Ne6 27. e3 c5 28. dxc5 Nxc5 29. Re2 Rac7 30. Nf4 g5 31. Nd5 Bxd5 32. Bxd5 Rd8 33. Bf3 Rcd7 34. b4 axb4 35. axb4 Nd3 36. b5 Nc5 37. Ra2 f5 38. Kg2 Rd2 39. Rcc2 Rxc2 40. Rxc2 Kf6 41. Ra2 Ne4 42. Ra6 Rd6 43. g4 Nc3 44. Bc6 e6 45. Kf3 h6 46. Ra3 Nb1 47. Ra7 Nd2+ 48. Kg2 Nc4 49. Kg3 Ne5 50. Rb7 f4+ 51. exf4 Nxc6 52. fxg5+ hxg5 53. bxc6 Rxc6 54. f3 Kg6 55. Rb8 Kg7 56. h4 gxh4+ 57. Kxh4 Kg6 58. Kg3 Kf6 59. Rf8+ Kg7 60. Rb8 Kf6 61. f4 Kg6 62. Kf3 Rc3+ 63. Ke4 Rb3 64. g5 Rb1 65. Kd4 Kf7 66. Rb7+ Kg6 67. Ke3 Re1+ 68. Kf2 Rc1 69. Re7 Rc6 70. Kf3 b5 71. Ke4 Rb6 72. Kd3 b4 73. Kc2 b3+ 74. Kb2 Kh5 75. Rh7+ Kg4 76. g6 Rb8 77. Rf7 Rg8 78. g7 Kh5 79. Kxb3 Kg6 80. Re7 Kf6 81. Ra7 Rxg7 82. Rxg7 Kxg7 83. Kc4 Kf6 1/2-1/2

[Event "Vaxjo Elite Hotels op"]
[Site "Vaxjo SWE"]
[Date "2020.02.09"]
[Round "7.3"]
[White "Golubka, Petro"]
[Black "Bellon Lopez, Juan Manuel"]
[Result "1/2-1/2"]
[WhiteElo "2501"]
[BlackElo "2351"]
[WhiteFideId "-1"]
[BlackFideId "-1"]
[PlyCount "89"]
[GameId "2130307598276736"]
[EventDate "2020.02.07"]
[EventType "swiss"]
[EventRounds "9"]
[EventCountry "SWE"]
[SourceTitle "10 Days #606"]
[Source "ChessMix"]
[SourceDate "2020.02.20"]
[SourceVersion "1"]
[SourceVersionDate "2020.02.20"]
[SourceQuality "1"]

1. c4 c5 2. Nc3 g6 3. g3 Bg7 4. Bg2 Nc6 5. a3 d6 6. d3 e6 7. h4 h6 8. Bd2 Nge7 9. Rb1 b6 10. b4 Rb8 11. Nf3 Bb7 12. O-O O-O 13. Qc1 Kh7 14. Ne4 f5 15. Nc3 e5 16. e3 Ng8 17. Nd5 Nce7 18. bxc5 Nxd5 19. cxd5 dxc5 20. h5 g5 21. Bc3 Bxd5 22. e4 fxe4 23. dxe4 Bc4 24. Rd1 Qe7 25. Bxe5 Bxe5 26. Qxc4 Nf6 27. a4 Kg7 28. Bh3 Rbd8 29. Be6 Bd4 30. Nxd4 cxd4 31. e5 Nxh5 32. Bg4 Nxg3 33. fxg3 Qxe5 34. Qd3 Qe3+ 35. Qxe3 dxe3 36. Rxd8 Rxd8 37. Kf1 Rd2 38. Be2 Ra2 39. Rb4 Kf6 40. g4 Ke5 41. Ke1 a5 42. Rxb6 Rxa4 43. Bd1 Ra1 44. Ke2 Kf4 45. Rxh6 1/2-1/2

[Event "Vaxjo Elite Hotels op"]
[Site "Vaxjo SWE"]
[Date "2020.02.09"]
[Round "8.5"]
[White "Olund, Joar"]
[Black "Golubka, Petro"]
[Result "1/2-1/2"]
[WhiteElo "2325"]
[BlackElo "2501"]
[WhiteFideId "-1"]
[BlackFideId "-1"]
[PlyCount "58"]
[GameId "2130307598276756"]
[EventDate "2020.02.07"]
[EventType "swiss"]
[EventRounds "9"]
[EventCountry "SWE"]
[SourceTitle "10 Days #606"]
[Source "ChessMix"]
[SourceDate "2020.02.20"]
[SourceVersion "1"]
[SourceVersionDate "2020.02.20"]
[SourceQuality "1"]

1. d4 e6 2. c4 b6 3. Nf3 Bb7 4. Bg5 f6 5. Bd2 f5 6. g3 Nf6 7. Bg2 g6 8. O-O Bg7 9. Bg5 O-O 10. Nc3 h6 11. Bxf6 Qxf6 12. Qd3 d6 13. e4 Nc6 14. e5 Qd8 15. exd6 cxd6 16. Rfe1 Re8 17. Rad1 Rb8 18. a3 a6 19. d5 Ne5 20. Nxe5 dxe5 21. dxe6 Qxd3 22. Rxd3 Bxg2 23. Kxg2 Rxe6 24. Red1 e4 25. Rd7 Rc8 26. Ra7 g5 27. Rdd7 Bxc3 28. bxc3 f4 29. Rg7+ Kh8 1/2-1/2

[Event "Titled Tuesday 2020.02.04 Late"]
[Site "Chess.com INT"]
[Date "2020.02.04"]
[Round "1"]
[White "Khachatryan, Anna"]
[Black "Golubka, Petro"]
[Result "1/2-1/2"]
[WhiteElo "2093"]
[BlackElo "2501"]
[WhiteFideId "-1"]
[BlackFideId "-1"]
[PlyCount "118"]
[GameId "1515682685837312"]
[EventDate "2020.02.04"]
[EventType "swiss (blitz)"]
[EventRounds "10"]
[EventCountry "NET"]
[SourceTitle "EXT 2021"]
[Source "ChessBase"]
[SourceDate "2020.10.23"]
[SourceVersion "1"]
[SourceVersionDate "2020.10.23"]
[SourceQuality "1"]

1. Nf3 Nf6 2. g3 g6 3. Bg2 Bg7 4. O-O O-O 5. c4 c6 6. Nc3 d5 7. d3 dxc4 8. dxc4 Qxd1 9. Rxd1 Be6 10. b3 Ne4 11. Nxe4 Bxa1 12. Bg5 Bf6 13. Nxf6+ exf6 14. Bxf6 Nd7 15. Bc3 Rfd8 16. e3 Nc5 17. Nd4 a5 18. Rd2 Rd7 19. Kf1 a4 20. Nxe6 fxe6 21. b4 Rxd2 22. Bxd2 Nd3 23. Bc3 a3 24. Be4 Nb2 25. c5 Kf7 26. Ke2 Rc8 27. Bc2 Rd8 28. Bd4 Ke7 29. Bb3 Ra8 30. Kd2 Rd8 31. Kc2 g5 32. Kc3 g4 33. e4 h5 34. Bc2 Kf7 35. Bb3 Ke7 36. Bc2 Rf8 37. Bb3 Rf3+ 38. Kc2 Nd3 39. Be3 Nxf2 40. Bg5+ Kd7 41. e5 Ne4 42. Bf4 Rf2+ 43. Kd3 Rxf4 44. gxf4 g3 45. hxg3 Nxg3 46. Ke3 h4 47. Kf3 Nf5 48. Kg4 Nd4 49. Bc4 Nc2 50. Kxh4 Nxb4 51. Kg5 Ke7 52. f5 exf5 53. Kxf5 Nc2 54. Ke4 Nb4 55. Bb3 Na6 56. Kd4 Nc7 57. Ke4 Na6 58. Kd4 Nc7 59. Ke4 Na6 1/2-1/2

[Event "Titled Tuesday 2020.02.04 Late"]
[Site "Chess.com INT"]
[Date "2020.02.04"]
[Round "3"]
[White "Golubka, Petro"]
[Black "Terry, Renato"]
[Result "1-0"]
[WhiteElo "2501"]
[BlackElo "2504"]
[WhiteFideId "-1"]
[BlackFideId "-1"]
[PlyCount "49"]
[GameId "1515682686849024"]
[EventDate "2020.02.04"]
[EventType "swiss (blitz)"]
[EventRounds "10"]
[EventCountry "NET"]
[SourceTitle "EXT 2021"]
[Source "ChessBase"]
[SourceDate "2020.10.23"]
[SourceVersion "1"]
[SourceVersionDate "2020.10.23"]
[SourceQuality "1"]

1. e4 e6 2. d4 d5 3. Nc3 Nf6 4. e5 Nfd7 5. f4 c5 6. Nf3 Nc6 7. Be3 Be7 8. Qd2 O-O 9. a3 f6 10. exf6 Rxf6 11. dxc5 Bxc5 12. O-O-O Qf8 13. Bxc5 Nxc5 14. g3 a6 15. Nd4 Bd7 16. Bh3 Rd8 17. Rhe1 Rh6 18. Bg4 Qf6 19. Nf3 Rg6 20. Nxd5 exd5 21. Qxd5+ Be6 22. Qxc5 Rxd1+ 23. Kxd1 Bxg4 24. Re8+ Kf7 25. Qf8# 1-0